书目信息 |
| 题名: |
人体解剖学实验指导
|
|
| 作者: | 人体解剖学实验指导编写组 编 | |
| 分册: | ||
| 出版信息: | 北京 高等教育出版社 2000 |
|
| 页数: | ||
| 开本: | ||
| 丛书名: | ||
| 单 册: | ||
| 中图分类: | R322-33 | |
| 科图分类: | ||
| 主题词: | 人体形态学 | |
| 电子资源: | ||
| ISBN: | 7-04-006306-9 | |
| 000 | 00660nam0 2200193 450 | |
| 001 | 0634681421 | |
| 005 | 20070702174826.45 | |
| 010 | @a7-04-006306-9@dCNY5.20 | |
| 100 | @a20060930d2000 km y0chiy0120 ea | |
| 101 | 0 | @achi |
| 102 | @aCN@b110000 | |
| 200 | 1 | @a人体解剖学实验指导@Aren ti jie pou xue shi yan zhi dao@f人体解剖学实验指导编写组 编@Fren ti jie pou xue shi yan zhi dao bian xie zu bian |
| 210 | @a北京@c高等教育出版社@d2000 | |
| 300 | @a高等学校教材 | |
| 606 | 0 | @a人体形态学 |
| 690 | @aR322-33@v3 | |
| 701 | 0 | @a人体解剖学实验指导编写组@Aren ti jie pou xue shi yan zhi dao bian xie zu@4编 |
| 801 | 0 | @aCN@bPFT@c20070702 |
| 905 | @a10447@dR322-33@e121 | |
| 人体解剖学实验指导/人体解剖学实验指导编写组 编.-北京:高等教育出版社,2000 |
| 高等学校教材 |
| ISBN 7-04-006306-9:CNY5.20 |
| ● |
| 相关链接 |
|
|
|
|
正题名:人体解剖学实验指导
索取号:R322-33/121
 
预约/预借
| 序号 | 登录号 | 条形码 | 馆藏地/架位号 | 状态 | 备注 |
| 1 | 0501466 | 205014660 | 密集书库/ [索取号:R322-33/121] | 在馆 | |
| 2 | 0501467 | 205014679 | 密集书库/ [索取号:R322-33/121] | 在馆 | |
| 3 | 0501468 | 205014688 | 密集书库/ [索取号:R322-33/121] | 在馆 | |
| 4 | 0501972 | 205019727 | 密集书库/ [索取号:R322-33/121] | 在馆 | |
| 5 | 0684797 | 206847974 | 库房3/ [索取号:R322-33/121] | 在馆 | |
| 6 | 0764792 | 207647929 | 密集书库/ [索取号:R322-33/121] | 在馆 |